[Event "NOR-chB"]
[Site "Oslo"]
[Date "2023.07.02"]
[Round "2"]
[White "Nordquelle, Pal"]
[Black "Gyland, Stig"]
[Result "1-0"]
[WhiteElo "1549"]
[BlackElo "1431"]
[PlyCount "63"]
[EventDate "2023.06.30"]
[EventType "swiss"]
[EventRounds "9"]
[EventCountry "NOR"]
[SourceTitle "EXT 2024"]
[Source "ChessBase"]
[SourceDate "2023.10.10"]
[SourceVersion "1"]
[SourceVersionDate "2023.10.10"]
[SourceQuality "1"]

1. c4 Nf6 2. g3 e5 3. Bg2 Nc6 4. e3 Be7 5. Nc3 0-0 6. Nge2 d6 7. 0-0 Bg4 8. h3 Bh5 9. g4 Bg6 10. d4 Rb8 11. f4 exf4 12. exf4 h6 13. d5 Na5 14. f5 Bh7 15. Qd3 c5 16. b3 Nd7 17. Ne4 Ne5 18. Qc3 Re8 19. Bd2 b6 20. Rae1 Bh4 21. N2g3 Nd7 22. Nxd6 Rxe1 23. Rxe1 Nf6 24. Bf4 Nb7 25. Nde4 Nxe4 26. Rxe4 Bf6 27. Qe1 Rc8 28. Kh1 g6 29. Bxh6 Nd6 30. Rf4 gxf5 31. gxf5 Bg5 32. Bxg5 1-0